000 00449cam a2200181ua 4500
020 _c2.75
041 _amal
_h
082 _a894.812308
_bCSC/KA
100 _aC S Chirakkal, .
245 _aKandethaanakatha kamini /
_cC S Chirakkal.
_hTextual Documents
250 _a1 /
_b.
260 _aKottayam :
_bVidyarthi Mithram Book Depo ,
_c1965.
300 _a190 ; .
365 _a2.75
504 _a
942 _cBK
999 _c4707
_d4707